LEADER 01066nam a2200253 i 4500 001 000000067833 003 CaOOAMICUS 005 20100609000000.0 008 100609s1967 it u000 u ita u 013 $a39005 040 $aSeMil$bita 100 1 $aHayek, Friedrich A. : von,$d<1899-1992>.$0(OLS)http://semarc/name/33911 240 14$aThe counter-revolution of science : studies on the abuse of reason.$0(OLS)http://semarc/title/108171 245 12$aL'abuso della ragione /$cFriedrich A. von Hayek. 260 $aFirenze :$bVallecchi,$c1967. 300 $a309 p. ;$c19 cm. 490 0 $aCultura libera ;$v2 650 4$aSociologia.$0(OLS)http://semarc/subject/3570 650 4$aScienze sociali - Metodo.$0(OLS)http://semarc/subject/13305 830 0$aCultura libera ;$v2.$0(OLS)http://semarc/title/20875 850 $aSeMil 852 $aSeMil$W1$xVenegono$y1$m2O I 361$j33986$B33986$CSeMilBibl$Z2$F33989 $81 996 $6245$aL'abuso della ragione$9(OLS)http://semarc/title/108170 996 $6260$aFirenze :$bVallecchi$9(OLS)http://semarc/publisher/29768 LEADER 00903nam a2200217 i 4500 001 000000087938 003 CaOOAMICUS 005 20130826000000.0 008 130826s1971 xx u000 u und u 013 $a60178 040 $aSeMil$bita 100 1 $aSelvaggi, Filippo,$c.$0(OLS)http://semarc/name/33546 245 10$aFilosofia del mondo fisico. Volume secondo. 260 $aLuogo non identificato :$bUniversità Gregoriana,$c1971. 300 $a164 p. 650 4$aEvoluzionismo.$0(OLS)http://semarc/subject/3892 650 4$aMondo - Filosofia.$0(OLS)http://semarc/subject/14329 850 $aSeMil 852 $aSeMil$W1$xVenegono$y1$m114 14 8.2 *$j51341$B51341$CSeMilBibl$Z2$F55537 $81 996 $6245$aFilosofia del mondo fisico. Volume secondo$9(OLS)http://semarc/title/133926 996 $6260$aLuogo non identificato :$bUniversità Gregoriana$9(OLS)http://semarc/publisher/43504